| 000 | 00748nas a2200253 4500 | ||
|---|---|---|---|
| 001 | BR2013003299 | ||
| 003 | BR-BrBNA | ||
| 005 | 20231205122314.0 | ||
| 007 | ta | ||
| 008 | 230509b bl.|||p| |||| 00| 00por d | ||
| 040 |
_aBR-BrBNA _bpor _cBiblioteca Nacional de Agricultura |
||
| 041 | _a(Pt) | ||
| 072 | _aA50; P01 | ||
| 100 | 1 | _aAndrade, H.A. | |
| 100 | 1 | _aKinas, P.G. | |
| 245 | 1 | _aInferência em ecologia:comentários e um exemplo | |
| 650 | _aECOSSISTEMA | ||
| 650 | _aINSTITUIÇÃO DE PESQUISA | ||
| 650 | _aPESQUISADOR | ||
| 650 | _aANÁLISE QUANTITATIVA | ||
| 773 | 0 |
_tAtlântica (Brazil) _xISSN 0102-1656 _g(Jul-Dec 2008), v. 30(2) p. 147-160 _wBR2013003299 |
|
| 909 |
_a202311 _bLúcia _c55 _dLúcia Elande |
||
| 942 |
_2AGRIS _n0 _cANA |
||
| 999 |
_c227971 _d227971 |
||